Účtovanie úrokových derivátov forward rate agreement (FRA), úrokový swap (IRS)

Bibliographic Details
Main Author: Vajdová, Eleonóra (Author)
Format: Article
Language:Slovak
PhysicalDescription:Tab.
ISSN:1335-0900
Subjects:

MARC

LEADER 00000nab a2200000 a 4500
001 vtls000880139
003 SK-MaSNL
005 20260304110017.0
008 250429c2004 xo 0 slo
015 |a SNBRB2004/08-22305 
035 |a CLN000231676 
035 |a urn:nbn:sk:snk-ab23w3 
035 |a (urnnbn)urn:nbn:sk:snk:ar-a01kc3 
035 |a (uuid)ef4fbd42-8b41-4759-9ebf-fd1aca08172d 
040 |a SNKBUCL  |b slo  |c SNKBUCL  |e AACR2 
041 0 |a slo 
044 |a xo  |c SK 
080 |a 657.443  |2 1997 
080 |a 657.423.2  |2 1997 
100 1 |a Vajdová, Eleonóra  |4 aut  |9 396457 
245 1 0 |a Účtovanie úrokových derivátov  |b forward rate agreement (FRA), úrokový swap (IRS)  |c Eleonóra Vajdová 
300 |b Tab. 
650 0 7 |a deriváty úrokové  |x účtovanie  |2 snkbucl  |9 1407987 
650 0 7 |a účtovníctvo  |2 snkbucl  |9 649 
655 7 |a články z novín a časopisov  |2 snkbucl  |9 267496 
773 0 |t Biatec  |g Roč. 12, č. 7 (2004), s. 9-15  |x 1335-0900 
850 |a Slovenská národná knižnica 
852 |a Slovenská národná knižnica 
954 |a odborná, vedecká literatúra pôvodná (slovenská)  |2 lita 
958 |a article2022 
958 |a OND 
958 |a EUIPO 
992 |a RBX 
999 |c 2858128  |d 2860058